00399pam a2200157 a 4500020000500000041000500005100001800010245004600028250000900074260000900083300000800092653001200100930000800112999001900120952010200139 c h aE. David Ford aScientific Method for Ecological Research a Ist c2000 a563 aScience a209 c246062d246062 001040708generalaEVPbEVPd2011-09-19l0o pEVP-1193r2023-04-03 00:00:00t1w2023-04-03yBK